Návrh a výroba prípravku na snímanie QR kódov na plastovom diely pomocou aditívnych technológií

Saved in:
Bibliographic Details
Main Author: Fašanga, Martin (Author)
Other Authors: Milde, Ján (Thesis advisor)
Format: Manuscript Book
Language:Slovak
Published: 2025
Subjects:
Online Access:http://is.stuba.sk/zp/portal_zp.pl?podrobnosti=183970
Tags: Add Tag
No Tags, Be the first to tag this record!

MARC

LEADER 00000ntm a22000003a 4500
001 stuzp103475
003 SK-STU
005 20250614212010.4
007 ta
008 150427s2015----xo-----f-mn---000-0-slo-d
040 |a STU  |b slo 
041 0 |a slo 
100 1 |a Fašanga, Martin  |u 063000  |4 aut  |U MTF Materiálovotechnologická fakulta  |T MTF Ústav výrobných technológií  |X 111579  |U M3000  |Y 83  |7 111579 
242 0 1 |a Design and manufacturing of a fixture for scanning QR codes on a plastic part using additive technologies  |y eng 
245 1 0 |a Návrh a výroba prípravku na snímanie QR kódov na plastovom diely pomocou aditívnych technológií 
260 |c 2025 
650 4 |a FDM  |2 eng 
650 4 |a jig  |2 eng 
650 4 |a QR code  |2 eng 
650 4 |a FDM  |2 slo 
650 4 |a prípravok  |2 slo 
650 4 |a QR kód  |2 slo 
700 1 |a Milde, Ján  |u 063200  |k Z1  |4 ths  |U MTF Ústav výrobných technológií  |T MTF Katedra obrábania a počítačovej podpory technológií  |X 56936  |U M3200  |Y 164  |7 A000056936 
856 4 |u http://is.stuba.sk/zp/portal_zp.pl?podrobnosti=183970 
996 |c M* DP-15519  |l MMSKP  |s P  |a 0  |w stuzp103475_0001